[Event "Foment Martinenc op-C 20th"]
[Site "Barcelona"]
[Date "2018.04.28"]
[Round "2"]
[White "Pardina Domenech, Victor"]
[Black "Del Rio, Andreu"]
[Result "0-1"]
[WhiteElo "1500"]
[BlackElo "1656"]
[PlyCount "71"]
[EventDate "2018.04.21"]
[EventType "swiss"]
[EventRounds "9"]
[EventCountry "ESP"]
[SourceTitle "CBM 184 Extra"]
[Source "ChessBase"]
[SourceDate "2018.06.28"]
[SourceVersion "1"]
[SourceVersionDate "2018.06.28"]
[SourceQuality "1"]

1. e4 e5 2. Nf3 d6 3. Bc4 Be7 4. 0-0 Nf6 5. Nc3 Nc6 6. d4 Bg4 7. d5 Nd4 8. Be2 Nxe2+ 9. Nxe2 0-0 10. h3 Bh5 11. Ng3 Bg6 12. Re1 c6 13. c4 Nd7 14. Nf5 Bxf5 15. exf5 Bf6 16. dxc6 Nb6 17. cxb7 Rb8 18. c5 dxc5 19. Qxd8 Rfxd8 20. Be3 c4 21. Bxb6 axb6 22. Rad1 h6 23. Rxd8+ Rxd8 24. Nxe5 Rb8 25. Nxc4 Rxb7 26. Re8+ Kh7 27. b3 b5 28. Nd6 Ra7 29. Nxb5 Rxa2 30. Nd6 g6 31. fxg6+ Kxg6 32. b4 Rb2 33. Rb8 Rb1+ 34. Kh2 Be5+ 35. g3 Bxd6 36. b5 0-1

[Event "Foment Martinenc op-C 18th"]
[Site "Barcelona"]
[Date "2016.05.07"]
[Round "3"]
[White "Del Rio, Andreu"]
[Black "Rodriguez Perdices, Francisco"]
[Result "1/2-1/2"]
[WhiteElo "1741"]
[BlackElo "1700"]
[PlyCount "119"]
[EventDate "2016.04.23"]
[EventType "swiss"]
[EventRounds "9"]
[EventCountry "ESP"]
[SourceTitle "EXT 2017"]
[Source "ChessBase"]
[SourceDate "2016.10.25"]
[SourceVersion "1"]
[SourceVersionDate "2016.10.25"]
[SourceQuality "1"]

1. e4 c5 2. Nf3 d6 3. d4 cxd4 4. Nxd4 Nf6 5. Bd3 g6 6. 0-0 Bg7 7. Nd2 0-0 8. N2f3 Nc6 9. Re1 Bg4 10. c3 e5 11. Nxc6 bxc6 12. Bg5 h6 13. Be3 Qe7 14. h3 Be6 15. Qd2 g5 16. Nh2 Nh5 17. Be2 Nf4 18. Bxf4 exf4 19. Bg4 Qc7 20. Bxe6 fxe6 21. Nf3 c5 22. Rad1 Rad8 23. c4 a5 24. b3 Bf6 25. Qe2 Qg7 26. Nh2 Bd4 27. Qf3 Qg6 28. Re2 h5 29. Red2 e5 30. Kf1 Rb8 31. Rd3 Rb7 32. a4 Kg7 33. Qe2 Rfb8 34. Rb1 Rb4 35. Qe1 g4 36. g3 fxg3 37. Rxg3 Rf8 38. f3 Kh7 39. hxg4 h4 40. Rh3 Qg5 41. Rxh4+ Kg6 42. Rh5 Qe3 43. Qxe3 Bxe3 44. Ke2 Bf4 45. Nf1 Rfb8 46. Rd1 R8b6 47. Rb1 Rxb3 48. Rxb3 Rxb3 49. Rh8 Rb2+ 50. Kd3 Rb3+ 51. Ke2 Rb2+ 52. Ke1 Rc2 53. Rd8 Rxc4 54. Rxd6+ Kg5 55. Rd5 Rxa4 56. Rxc5 Ra3 57. Nd2 Bxd2+ 58. Kxd2 Rxf3 59. Rxe5+ Kxg4 60. Rxa5 1/2-1/2

[Event "Foment Martinenc op-C 17th"]
[Site "Barcelona"]
[Date "2015.05.23"]
[Round "5"]
[White "Freixa Rofastes, Ernest"]
[Black "Del Rio, Andreu"]
[Result "0-1"]
[WhiteElo "1762"]
[BlackElo "1745"]
[PlyCount "80"]
[EventDate "2015.04.25"]
[EventType "swiss"]
[EventRounds "9"]
[EventCountry "ESP"]
[SourceTitle "EXT 2017"]
[Source "ChessBase"]
[SourceDate "2016.10.25"]
[SourceVersion "1"]
[SourceVersionDate "2016.10.25"]
[SourceQuality "1"]

1. e4 e5 2. Nf3 d6 3. h3 Nf6 4. d3 Be7 5. c3 0-0 6. Nbd2 Bd7 7. Be2 Qc8 8. a3 Nc6 9. d4 exd4 10. cxd4 a6 11. Bd3 Re8 12. b4 b5 13. Bb2 Nh5 14. Qc2 Nf4 15. Bf1 Bf6 16. 0-0-0 Ng6 17. g4 h6 18. h4 Bxg4 19. Qxc6 Bxf3 20. Nxf3 Qg4 21. Nd2 Qf4 22. f3 Nxh4 23. e5 Bg5 24. Be2 Nf5 25. Qe4 Ng3 26. Qd3 Nxh1 27. Rxh1 dxe5 28. Kb1 Qxd2 29. Qe4 exd4 30. Qd5 Qxe2 31. Rg1 Qd2 32. Rg4 Rad8 33. Qf5 Re1+ 34. Ka2 Re2 35. Qb1 Rde8 36. Rg1 Re1 37. Rxe1 Rxe1 38. Qf5 Qe2 39. Qc8+ Qe8 40. Qxc7 Qe6+ 0-1

[Event "Foment Martinenc op-C 17th"]
[Site "Barcelona"]
[Date "2015.04.25"]
[Round "1"]
[White "Dominguez Laguna, Didac"]
[Black "Del Rio, Andreu"]
[Result "0-1"]
[WhiteElo "1647"]
[BlackElo "1745"]
[PlyCount "78"]
[EventDate "2015.04.25"]
[EventType "swiss"]
[EventRounds "9"]
[EventCountry "ESP"]
[SourceTitle "EXT 2017"]
[Source "ChessBase"]
[SourceDate "2016.10.25"]
[SourceVersion "1"]
[SourceVersionDate "2016.10.25"]
[SourceQuality "1"]

1. e4 e5 2. Nf3 Nc6 3. Bb5 d6 4. d4 Bd7 5. d5 Nb8 6. Bxd7+ Nxd7 7. 0-0 Ngf6 8. Bg5 Qc8 9. Bxf6 Nxf6 10. Re1 Be7 11. Nc3 0-0 12. Nb5 a6 13. Nc3 c5 14. Na4 Qc7 15. Qd2 b5 16. Nc3 b4 17. Na4 a5 18. c3 Bd8 19. a3 b3 20. c4 Qd7 21. Nc3 a4 22. Nb5 Ba5 23. Qd1 Bxe1 24. Qxe1 Ne8 25. Qe3 f5 26. exf5 Qxf5 27. Ng5 Qf4 28. Qxf4 Rxf4 29. Ne6 Rf6 30. Ng5 Rf4 31. Nh3 Rxc4 32. g3 Rc2 33. Rb1 Ra5 34. Nc3 Nf6 35. Re1 c4 36. Re3 Nxd5 37. Nxd5 Rxd5 38. Rf3 h6 39. Rf5 Rxb2 0-1